01077nam a2200253 a 450000100100000000500170001000800410002702000180006804000250008608200150011124501470012626000460027330000290031949000280034850000550037650000730043165100440050470000340054870000390058283000350062191000370065695201130069399900170080600004121720201002034720.0130926s2009 uy c 000 0 spa d a9789974550728 aDO-SdBNPbspacBNPHU a770bD278i00aDe imagen a palabra :bla iconografía de la biblioteca Nacional como fuente documental. /ccoordinadores, Carlos Demasi, Alicia Fernández. aMontevideo :bBiblioteca Nacional,c2009. a88 p. :bretr. ;c24 cm.1 aCuaderno de historiav1 aIncluye bibliografía al final de los capítulos aIncluye referencias bibliográficas y notas al pie de las páginas 4aUruguayxHistoriavFOTOGRAFÍAS96779412aDemasi, Carlosecoord.96779512aFernández, Aliciaecoord.967796 0aCuaderno de historiav1967797 aValidado. Control de calidad MFF 001050718MOaGRbGRcHDd2013-09-26iLF1l0o770 D278ip41217-10r2020-06-25w2020-06-25y1ZNo se presta c40707d40707